000 00654nam a22001937a 4500
005 20240131114836.0
010 _aENG- 139097 ENG- 139098
020 _a9789395116299 (set of 2)
_c3995.00
035 _aEN-122629 EN- 122630
037 _bDBAD/PUB
082 _a346.54066
_25
100 _aChandratre, KR
_961479
245 _aCompany Secretarial:
_bPractice Manual/
_cBy KR chandratre
260 _aGurgaon
_bLexis Nexis
_c2023
270 _a14th floor, Building No 10, Tower-B, DLF Cyber City, Phase-ll,
_bGurgaon
_e122002
300 _axv, 2454p
_c24cm(pbk)
490 _vvol 1, vol 2
942 _2ddc
_cEN
_mCHA
_h346.54066
_e5
999 _c200461
_d200461